Every Metro Area in Canada - Statistics

General Stats
  • This quiz has been taken 60 times
  • The average score is 25 of 41
Answer Stats
Population Province City % Correct
4,291,732 Quebec Montreal
100%
6,202,225 Ontario Toronto
100%
2,642,825 British Columbia Vancouver
100%
1,481,806 Alberta Calgary
98%
1,418,118 Alberta Edmonton
98%
1,488,307 Ontario/Quebec Ottawa - Gatineau
98%
839,311 Quebec Quebec
98%
465,703 Nova Scotia Halifax
94%
834,678 Manitoba Winnipeg
94%
543,551 Ontario London
83%
130,613 New Brunswick Saint John
81%
317,480 Saskatchewan Saskatoon
81%
212,579 Newfoundland and Labrador St. John's
81%
422,630 Ontario Windsor
81%
249,217 Saskatchewan Regina
79%
785,184 Ontario Hamilton
77%
397,237 British Columbia Victoria
77%
433,604 Ontario St. Catharines - Niagara
70%
575,847 Ontario Kitchener - Cambridge - Waterloo
62%
157,717 New Brunswick Moncton
60%
123,258 Ontario Thunder Bay
60%
172,546 Ontario Kingston
55%
170,605 Ontario Greater Sudbury / Grand Sudbury
51%
108,610 New Brunswick Fredericton
49%
114,142 British Columbia Kamloops
49%
227,398 Quebec Sherbrooke
49%
222,162 British Columbia Kelowna
47%
161,489 Quebec Trois-Rivières
47%
212,856 Ontario Barrie
45%
100,844 Alberta Red Deer
43%
195,726 British Columbia Abbotsford - Mission
40%
128,624 Ontario Peterborough
36%
165,588 Ontario Guelph
34%
123,847 Alberta Lethbridge
34%
115,459 British Columbia Nanaimo
34%
415,311 Ontario Oshawa
34%
161,567 Quebec Saguenay
32%
144,162 Ontario Brantford
23%
113,767 British Columbia Chilliwack
21%
111,184 Ontario Belleville - Quinte West
19%
101,610 Quebec Drummondville
17%
No matching quizzes found
Score Distribution
Percent of People with Each Score
Percentile by Number Answered
Your Score History
You have not taken this quiz